[Event "DEM U16 2023"]
[Site "Willingen GER"]
[Date "2023.05.30"]
[Round "4"]
[White "Ohler, Julius"]
[Black "Sidletskyi, Ivan"]
[Result "0-1"]
[Termination "normal"]
[Board "5"]
[BlackTitle "CM"]
[WhiteElo "2220"]
[BlackElo "2152"]
[WhiteClock "00:11:35"]
[BlackClock "00:02:31"]
[PlyCount "160"]
[WhiteFideId "16238982"]
[BlackFideId "14156024"]
[EventCountry "GER"]
[EventRounds "9"]
[EventType "swiss"]
[EventDate "2023.05.27"]

1. d4 {[%clk 01:30:58]} Nf6 {[%clk 01:30:16]} {[%emt 00:00:45]} 2. c4 {[%clk
01:31:22]} {[%emt 00:00:07]} e6 {[%clk 01:29:15]} {[%emt 00:01:31]} 3. Nf3
{[%clk 01:31:46]} {[%emt 00:00:05]} d5 {[%clk 01:29:38]} {[%emt 00:00:08]} 4.
Nc3 {[%clk 01:32:11]} {[%emt 00:00:06]} Nbd7 {[%clk 01:21:58]} {[%emt
00:08:10]} 5. Bg5 {[%clk 01:28:22]} {[%emt 00:04:17]} h6 {[%clk 01:20:42]}
{[%emt 00:01:47]} 6. Bh4 {[%clk 01:26:25]} {[%emt 00:02:27]} c6 {[%clk
01:17:17]} {[%emt 00:03:56]} 7. e3 {[%clk 01:26:30]} {[%emt 00:00:25]} Be7
{[%clk 01:13:02]} {[%emt 00:04:44]} 8. Qc2 {[%clk 01:21:55]} {[%emt 00:05:05]}
O-O {[%clk 01:09:25]} {[%emt 00:04:07]} 9. Rd1 {[%clk 01:18:05]} {[%emt
00:04:20]} Re8 {[%clk 01:04:15]} {[%emt 00:05:40]} 10. a3 {[%clk 01:16:29]}
{[%emt 00:02:06]} Qa5 {[%clk 00:58:04]} {[%emt 00:06:41]} 11. Bd3 {[%clk
01:01:44]} {[%emt 00:15:15]} dxc4 {[%clk 00:57:23]} {[%emt 00:01:11]} 12. Bxc4
{[%clk 01:01:12]} {[%emt 00:01:02]} b5 {[%clk 00:54:50]} {[%emt 00:03:03]} 13.
Be2 {[%clk 01:01:08]} {[%emt 00:00:33]} b4 {[%clk 00:49:41]} {[%emt 00:05:39]}
14. axb4 {[%clk 01:01:30]} {[%emt 00:00:10]} Qxb4 {[%clk 00:47:19]} {[%emt
00:02:50]} 15. O-O {[%clk 00:55:22]} {[%emt 00:06:38]} Bb7 {[%clk 00:42:21]}
{[%emt 00:05:28]} 16. Ne1 {[%clk 00:52:24]} {[%emt 00:03:28]} Qa5 {[%clk
00:34:36]} {[%emt 00:08:16]} 17. Nd3 {[%clk 00:46:13]} {[%emt 00:06:41]} Qf5
{[%clk 00:34:17]} {[%emt 00:00:48]} 18. Bf3 {[%clk 00:42:08]} {[%emt 00:04:35]}
Rac8 {[%clk 00:31:17]} {[%emt 00:03:31]} 19. Ra1 {[%clk 00:37:52]} {[%emt
00:04:46]} a6 {[%clk 00:27:08]} {[%emt 00:04:40]} 20. Qe2 {[%clk 00:36:44]}
{[%emt 00:01:37]} g5 {[%clk 00:26:08]} {[%emt 00:01:29]} 21. g4 {[%clk
00:36:06]} {[%emt 00:01:08]} Qg6 {[%clk 00:25:52]} {[%emt 00:00:46]} 22. Bg3
{[%clk 00:36:31]} {[%emt 00:00:05]} Nd5 {[%clk 00:24:37]} {[%emt 00:01:46]} 23.
Nxd5 {[%clk 00:30:32]} {[%emt 00:06:29]} cxd5 {[%clk 00:24:42]} {[%emt
00:00:25]} 24. b4 {[%clk 00:25:51]} {[%emt 00:05:11]} Bc6 {[%clk 00:24:54]}
{[%emt 00:00:18]} 25. Qd2 {[%clk 00:23:32]} {[%emt 00:02:49]} Bb5 {[%clk
00:23:15]} {[%emt 00:02:09]} 26. Be2 {[%clk 00:22:07]} {[%emt 00:01:55]} Nb6
{[%clk 00:16:37]} {[%emt 00:07:08]} 27. Ne5 {[%clk 00:16:23]} {[%emt 00:06:13]}
Qg7 {[%clk 00:16:43]} {[%emt 00:00:24]} 28. Bxb5 {[%clk 00:16:38]} {[%emt
00:00:15]} axb5 {[%clk 00:17:09]} {[%emt 00:00:04]} 29. Qe2 {[%clk 00:16:44]}
{[%emt 00:00:24]} Nc4 {[%clk 00:17:06]} {[%emt 00:00:34]} 30. Ra7 {[%clk
00:16:38]} {[%emt 00:00:36]} Nd6 {[%clk 00:07:58]} {[%emt 00:09:37]} 31. Rd7
{[%clk 00:12:41]} {[%emt 00:04:27]} f6 {[%clk 00:07:54]} {[%emt 00:00:33]} 32.
Nd3 {[%clk 00:13:02]} {[%emt 00:00:09]} Nc4 {[%clk 00:07:04]} {[%emt 00:01:21]}
33. Rb7 {[%clk 00:11:23]} {[%emt 00:02:09]} e5 {[%clk 00:05:27]} {[%emt
00:02:07]} 34. dxe5 {[%clk 00:11:21]} {[%emt 00:00:32]} fxe5 {[%clk 00:05:53]}
{[%emt 00:00:04]} 35. Rxb5 {[%clk 00:07:42]} {[%emt 00:04:10]} Red8 {[%clk
00:05:37]} {[%emt 00:00:45]} 36. Rd1 {[%clk 00:06:49]} {[%emt 00:01:23]} Qf6
{[%clk 00:03:14]} {[%emt 00:02:53]} 37. e4 {[%clk 00:03:23]} {[%emt 00:03:56]}
dxe4 {[%clk 00:02:55]} {[%emt 00:00:49]} 38. Qxe4 {[%clk 00:02:40]} {[%emt
00:01:12]} Rd4 {[%clk 00:02:21]} {[%emt 00:01:03]} 39. Qb7 {[%clk 00:02:03]}
{[%emt 00:01:08]} Nd6 {[%clk 00:00:43]} {[%emt 00:02:09]} 40. Bxe5 {[%clk
00:02:24]} {[%emt 00:00:09]} Nxb7 {[%clk 00:00:32]} {[%emt 00:00:41]} 41. Bxf6
{[%clk 00:02:47]} {[%emt 00:00:06]} Bxf6 {[%clk 00:27:26]} {[%emt 00:03:35]}
42. Rxb7 {[%clk 00:33:13]} {[%emt 00:00:05]} Rcd8 {[%clk 00:27:27]} {[%emt
00:00:29]} 43. Rb6 {[%clk 00:27:17]} {[%emt 00:06:26]} Kg7 {[%clk 00:26:50]}
{[%emt 00:01:07]} 44. Rb7+ {[%clk 00:25:46]} {[%emt 00:02:01]} Kg6 {[%clk
00:25:11]} {[%emt 00:02:09]} 45. f4 {[%clk 00:25:54]} {[%emt 00:00:23]} gxf4
{[%clk 00:25:12]} {[%emt 00:00:29]} 46. Rf1 {[%clk 00:24:29]} {[%emt 00:01:55]}
Rxd3 {[%clk 00:25:14]} {[%emt 00:00:28]} 47. Rxf4 {[%clk 00:24:54]} {[%emt
00:00:05]} Rd1+ {[%clk 00:22:18]} {[%emt 00:03:26]} 48. Kg2 {[%clk 00:24:44]}
{[%emt 00:00:39]} R8d6 {[%clk 00:15:29]} {[%emt 00:07:18]} 49. Rb5 {[%clk
00:22:45]} {[%emt 00:02:30]} Bg5 {[%clk 00:13:39]} {[%emt 00:02:20]} 50. Rf1
{[%clk 00:20:11]} {[%emt 00:03:05]} R1d4 {[%clk 00:12:08]} {[%emt 00:02:02]}
51. Kg3 {[%clk 00:16:22]} {[%emt 00:04:18]} Re6 {[%clk 00:11:05]} {[%emt
00:01:33]} 52. Rbf5 {[%clk 00:14:13]} {[%emt 00:02:39]} Re3+ {[%clk 00:10:21]}
{[%emt 00:01:13]} 53. R1f3 {[%clk 00:13:15]} {[%emt 00:01:28]} Ree4 {[%clk
00:09:47]} {[%emt 00:01:05]} 54. h3 {[%clk 00:13:41]} {[%emt 00:00:04]} Rxb4
{[%clk 00:10:07]} {[%emt 00:00:11]} 55. Rf8 {[%clk 00:12:55]} {[%emt 00:01:14]}
Be7 {[%clk 00:09:47]} {[%emt 00:00:51]} 56. Rg8+ {[%clk 00:12:55]} {[%emt
00:00:30]} Kh7 {[%clk 00:10:12]} {[%emt 00:00:05]} 57. Ra8 {[%clk 00:12:36]}
{[%emt 00:00:48]} h5 {[%clk 00:10:01]} {[%emt 00:00:41]} 58. Ra7 {[%clk
00:12:10]} {[%emt 00:00:56]} h4+ {[%clk 00:06:43]} {[%emt 00:03:48]} 59. Kg2
{[%clk 00:12:15]} {[%emt 00:00:24]} Kg6 {[%clk 00:06:45]} {[%emt 00:00:29]} 60.
Ra6+ {[%clk 00:11:42]} {[%emt 00:01:04]} Kg7 {[%clk 00:07:07]} {[%emt
00:00:07]} 61. Ra2 {[%clk 00:11:58]} {[%emt 00:00:14]} Bc5 {[%clk 00:06:44]}
{[%emt 00:00:53]} 62. Rc2 {[%clk 00:12:15]} {[%emt 00:00:13]} Bd6 {[%clk
00:05:44]} {[%emt 00:01:28]} 63. Rd3 {[%clk 00:11:11]} {[%emt 00:01:35]} Rbd4
{[%clk 00:04:37]} {[%emt 00:01:37]} 64. Rcd2 {[%clk 00:10:31]} {[%emt
00:01:10]} Re2+ {[%clk 00:04:35]} {[%emt 00:00:32]} 65. Rxe2 {[%clk 00:10:54]}
{[%emt 00:00:07]} Rxd3 {[%clk 00:05:02]} {[%emt 00:00:03]} 66. Re6 {[%clk
00:09:38]} {[%emt 00:01:46]} Kf7 {[%clk 00:04:02]} {[%emt 00:01:30]} 67. Rh6
{[%clk 00:09:55]} {[%emt 00:00:13]} Rg3+ {[%clk 00:04:28]} {[%emt 00:00:04]}
68. Kh2 {[%clk 00:10:20]} {[%emt 00:00:05]} Bf4 {[%clk 00:04:41]} {[%emt
00:00:17]} 69. Rh5 {[%clk 00:10:38]} {[%emt 00:00:12]} Kg6 {[%clk 00:03:49]}
{[%emt 00:01:22]} 70. Rh8 {[%clk 00:10:50]} {[%emt 00:00:17]} Be5 {[%clk
00:03:20]} {[%emt 00:01:00]} 71. Rh5 {[%clk 00:11:04]} {[%emt 00:00:16]} Bd6
{[%clk 00:03:24]} {[%emt 00:00:25]} 72. Rh8 {[%clk 00:11:20]} {[%emt 00:00:15]}
Rxg4+ {[%clk 00:03:11]} {[%emt 00:00:45]} 73. Kh1 {[%clk 00:11:44]} {[%emt
00:00:04]} Rc4 {[%clk 00:02:42]} {[%emt 00:00:59]} 74. Rg8+ {[%clk 00:11:19]}
{[%emt 00:00:55]} Kf5 {[%clk 00:02:49]} {[%emt 00:00:25]} 75. Rg4 {[%clk
00:11:44]} {[%emt 00:00:04]} Rc1+ {[%clk 00:03:01]} {[%emt 00:00:18]} 76. Kg2
{[%clk 00:12:07]} {[%emt 00:00:07]} Rc2+ {[%clk 00:02:45]} {[%emt 00:00:45]}
77. Kg1 {[%emt 00:01:32]} Bh2+ {[%clk 00:03:02]} {[%emt 00:00:11]} 78. Kh1
{[%clk 00:11:25]} {[%emt 00:00:12]} Bg3 {[%clk 00:03:26]} {[%emt 00:00:07]} 79.
Kg1 {[%clk 00:11:51]} {[%emt 00:00:03]} Rb2 {[%clk 00:02:14]} {[%emt 00:01:42]}
80. Rc4 {[%clk 00:11:35]} {[%emt 00:00:46]} Bf4 {[%clk 00:02:31]} {[%emt
00:00:13]} 0-1

[Event "DEM U16 2023"]
[Site "Willingen GER"]
[Date "2023.05.30"]
[Round "4"]
[White "Lübke, Florentin"]
[Black "Bier, Bela"]
[Result "1/2-1/2"]
[Termination "normal"]
[Board "6"]
[WhiteElo "1988"]
[BlackElo "1987"]
[WhiteClock "00:02:09"]
[BlackClock "00:48:50"]
[PlyCount "187"]
[WhiteFideId "16281799"]
[BlackFideId "34610960"]
[EventCountry "GER"]
[EventRounds "9"]
[EventType "swiss"]
[EventDate "2023.05.27"]

1. e4 {[%clk 01:30:57]} {[%emt 00:00:03]} e5 {[%clk 01:30:52]} {[%emt
00:00:08]} 2. Nf3 {[%clk 01:31:02]} {[%emt 00:00:26]} Nf6 {[%clk 01:31:05]}
{[%emt 00:00:16]} 3. Nxe5 {[%clk 01:30:46]} {[%emt 00:00:46]} d6 {[%clk
01:31:23]} {[%emt 00:00:12]} 4. Nf3 {[%clk 01:31:07]} {[%emt 00:00:10]} Nxe4
{[%clk 01:31:41]} {[%emt 00:00:11]} 5. Nc3 {[%clk 01:31:15]} {[%emt 00:00:22]}
Nxc3 {[%clk 01:32:01]} {[%emt 00:00:10]} 6. dxc3 {[%clk 01:31:40]} {[%emt
00:00:05]} Be7 {[%clk 01:32:05]} {[%emt 00:00:26]} 7. Be3 {[%clk 01:31:10]}
{[%emt 00:01:00]} O-O {[%clk 01:31:26]} {[%emt 00:01:08]} 8. Qd2 {[%clk
01:30:13]} {[%emt 00:01:28]} Nd7 {[%clk 01:31:21]} {[%emt 00:00:35]} 9. O-O-O
{[%clk 01:29:38]} {[%emt 00:01:05]} Nf6 {[%clk 01:31:22]} {[%emt 00:00:28]} 10.
Bd3 {[%clk 01:28:57]} {[%emt 00:01:12]} c5 {[%clk 01:31:17]} {[%emt 00:00:34]}
11. Kb1 {[%clk 01:18:37]} {[%emt 00:10:51]} Qa5 {[%clk 01:27:00]} {[%emt
00:04:47]} 12. c4 {[%clk 01:12:30]} {[%emt 00:06:38]} Qxd2 {[%clk 01:23:38]}
{[%emt 00:03:51]} 13. Rxd2 {[%clk 01:11:41]} {[%emt 00:01:19]} h6 {[%clk
01:23:01]} {[%emt 00:01:08]} 14. Re1 {[%clk 01:02:26]} {[%emt 00:09:45]} Be6
{[%clk 01:21:21]} {[%emt 00:02:10]} 15. Nh4 {[%clk 00:53:01]} {[%emt 00:09:54]}
Ng4 {[%clk 01:16:29]} {[%emt 00:05:23]} 16. Nf5 {[%clk 00:52:31]} {[%emt
00:01:00]} Bxf5 {[%clk 01:16:45]} {[%emt 00:00:14]} 17. Bxf5 {[%clk 00:52:34]}
{[%emt 00:00:27]} Nxe3 {[%clk 01:17:05]} {[%emt 00:00:10]} 18. fxe3 {[%clk
00:52:37]} {[%emt 00:00:27]} Rad8 {[%clk 01:15:30]} {[%emt 00:02:06]} 19. Be4
{[%clk 00:51:09]} {[%emt 00:01:56]} Bf6 {[%clk 01:15:00]} {[%emt 00:01:01]} 20.
Rd3 {[%clk 00:48:57]} {[%emt 00:02:42]} b6 {[%clk 01:15:05]} {[%emt 00:00:26]}
21. Bc6 {[%clk 00:44:44]} {[%emt 00:04:42]} Be5 {[%clk 01:14:35]} {[%emt
00:01:00]} 22. g3 {[%clk 00:41:40]} {[%emt 00:03:35]} Rc8 {[%clk 01:14:34]}
{[%emt 00:00:31]} 23. Bd5 {[%clk 00:41:30]} {[%emt 00:00:39]} Rc7 {[%clk
01:14:51]} {[%emt 00:00:14]} 24. Rf1 {[%clk 00:40:41]} {[%emt 00:01:16]} g6
{[%clk 01:13:45]} {[%emt 00:01:39]} 25. e4 {[%clk 00:39:50]} {[%emt 00:01:21]}
Kg7 {[%clk 01:13:54]} {[%emt 00:00:21]} 26. Rdf3 {[%clk 00:38:26]} {[%emt
00:01:54]} Re7 {[%clk 01:12:34]} {[%emt 00:01:50]} 27. a4 {[%clk 00:35:14]}
{[%emt 00:03:41]} Rc7 {[%clk 01:12:03]} {[%emt 00:01:01]} 28. c3 {[%clk
00:34:27]} {[%emt 00:01:16]} a5 {[%clk 01:11:09]} {[%emt 00:01:25]} 29. Kc2
{[%clk 00:34:31]} {[%emt 00:00:26]} Re7 {[%clk 01:11:24]} {[%emt 00:00:15]} 30.
Kd3 {[%clk 00:34:50]} {[%emt 00:00:11]} Rc7 {[%clk 01:09:22]} {[%emt 00:02:32]}
31. Ke2 {[%clk 00:34:47]} {[%emt 00:00:32]} Kg8 {[%clk 01:08:40]} {[%emt
00:01:12]} 32. Kf2 {[%clk 00:34:44]} {[%emt 00:00:32]} Kg7 {[%clk 01:08:33]}
{[%emt 00:00:37]} 33. Kg2 {[%clk 00:35:07]} {[%emt 00:00:07]} Kg8 {[%clk
01:08:01]} {[%emt 00:01:03]} 34. h3 {[%clk 00:33:05]} {[%emt 00:02:32]} Kg7
{[%clk 01:08:02]} {[%emt 00:00:29]} 35. Ra1 {[%clk 00:32:58]} {[%emt 00:00:36]}
Rb8 {[%clk 01:04:18]} {[%emt 00:04:14]} 36. Ra3 {[%clk 00:29:55]} {[%emt
00:03:34]} Ra7 {[%clk 01:04:22]} {[%emt 00:00:26]} 37. Rb3 {[%clk 00:28:44]}
{[%emt 00:01:41]} Kg8 {[%clk 01:04:33]} {[%emt 00:00:18]} 38. Rf1 {[%clk
00:28:14]} {[%emt 00:01:00]} Kg7 {[%clk 01:04:40]} {[%emt 00:00:23]} 39. Rb5
{[%clk 00:27:43]} {[%emt 00:01:02]} Kg8 {[%clk 01:04:40]} {[%emt 00:00:30]} 40.
Rb3 {[%clk 00:25:53]} {[%emt 00:02:19]} Kg7 {[%clk 01:04:35]} {[%emt 00:00:36]}
41. Rf3 {[%clk 00:26:07]} {[%emt 00:00:16]} Kg8 {[%clk 01:04:05]} {[%emt
00:01:00]} 42. Ra3 {[%clk 00:26:30]} {[%emt 00:00:07]} Kg7 {[%clk 01:04:21]}
{[%emt 00:00:14]} 43. Ra1 {[%clk 00:23:47]} {[%emt 00:03:13]} Rc7 {[%clk
01:04:33]} {[%emt 00:00:17]} 44. g4 {[%clk 00:23:46]} {[%emt 00:00:31]} g5
{[%clk 01:04:09]} {[%emt 00:00:54]} 45. Ra3 {[%clk 00:22:51]} {[%emt 00:01:26]}
f6 {[%clk 01:03:40]} {[%emt 00:00:59]} 46. Rf1 {[%clk 00:22:45]} {[%emt
00:00:35]} Ra7 {[%clk 01:03:05]} {[%emt 00:01:05]} 47. Kf3 {[%clk 00:23:07]}
{[%emt 00:00:09]} Kg6 {[%clk 01:02:22]} {[%emt 00:01:14]} 48. Rh1 {[%clk
00:22:23]} {[%emt 00:01:12]} Rh7 {[%clk 01:02:08]} {[%emt 00:00:43]} 49. Be6
{[%clk 00:22:36]} {[%emt 00:00:18]} Kg7 {[%clk 01:01:05]} {[%emt 00:01:33]} 50.
Bf5 {[%clk 00:19:57]} {[%emt 00:03:09]} Rhh8 {[%clk 01:01:30]} {[%emt
00:00:06]} 51. Rb3 {[%clk 00:18:17]} {[%emt 00:02:10]} h5 {[%clk 01:00:49]}
{[%emt 00:01:10]} 52. Ra1 {[%clk 00:17:43]} {[%emt 00:01:04]} Kf8 {[%clk
01:00:02]} {[%emt 00:01:17]} 53. Rb5 {[%clk 00:16:10]} {[%emt 00:02:04]} Ke7
{[%clk 01:00:21]} {[%emt 00:00:11]} 54. Ke3 {[%clk 00:16:01]} {[%emt 00:00:39]}
Kd8 {[%clk 01:00:34]} {[%emt 00:00:17]} 55. Kd3 {[%clk 00:15:25]} {[%emt
00:01:05]} Kc7 {[%clk 01:00:56]} {[%emt 00:00:09]} 56. Rb1 {[%clk 00:14:24]}
{[%emt 00:01:31]} hxg4 {[%clk 00:55:11]} {[%emt 00:06:15]} 57. Bxg4 {[%clk
00:14:46]} {[%emt 00:00:08]} Ra8 {[%clk 00:55:11]} {[%emt 00:00:31]} 58. Kc2
{[%clk 00:13:42]} {[%emt 00:01:33]} Rhb8 {[%clk 00:54:27]} {[%emt 00:01:15]}
59. Bf5 {[%clk 00:12:56]} {[%emt 00:01:16]} Ra7 {[%clk 00:54:36]} {[%emt
00:00:20]} 60. Rg1 {[%clk 00:12:30]} {[%emt 00:00:55]} Rh8 {[%clk 00:53:57]}
{[%emt 00:01:10]} 61. Rb3 {[%clk 00:12:21]} {[%emt 00:00:39]} Rh4 {[%clk
00:53:37]} {[%emt 00:00:49]} 62. Bg4 {[%clk 00:11:15]} {[%emt 00:01:36]} Rh8
{[%clk 00:53:52]} {[%emt 00:00:16]} 63. Ra3 {[%clk 00:11:34]} {[%emt 00:00:11]}
Rh4 {[%clk 00:52:25]} {[%emt 00:01:57]} 64. Kd3 {[%clk 00:10:31]} {[%emt
00:01:33]} Ra8 {[%clk 00:51:25]} {[%emt 00:01:31]} 65. Raa1 {[%clk 00:09:24]}
{[%emt 00:01:36]} Rah8 {[%clk 00:50:56]} {[%emt 00:00:59]} 66. Rh1 {[%clk
00:08:01]} {[%emt 00:01:52]} Kc6 {[%clk 00:49:42]} {[%emt 00:01:45]} 67. Ke2
{[%clk 00:05:51]} {[%emt 00:02:40]} R8h7 {[%clk 00:48:11]} {[%emt 00:02:02]}
68. Kf3 {[%clk 00:05:46]} {[%emt 00:00:34]} Rh8 {[%clk 00:48:27]} {[%emt
00:00:15]} 69. Kg2 {[%clk 00:04:50]} {[%emt 00:01:26]} Kc7 {[%clk 00:48:05]}
{[%emt 00:00:53]} 70. Raf1 {[%clk 00:04:27]} {[%emt 00:00:52]} Kc6 {[%clk
00:47:52]} {[%emt 00:00:43]} 71. Rf3 {[%clk 00:04:44]} {[%emt 00:00:13]} Kc7
{[%clk 00:47:37]} {[%emt 00:00:46]} 72. Bf5 {[%clk 00:04:57]} {[%emt 00:00:17]}
Rf4 {[%clk 00:44:46]} {[%emt 00:03:21]} 73. Rxf4 {[%clk 00:04:25]} {[%emt
00:01:02]} Bxf4 {[%clk 00:44:34]} {[%emt 00:00:41]} 74. Kf3 {[%clk 00:01:58]}
{[%emt 00:02:57]} Be5 {[%clk 00:44:42]} {[%emt 00:00:22]} 75. Rb1 {[%clk
00:01:49]} {[%emt 00:00:39]} Rh4 {[%clk 00:44:45]} {[%emt 00:00:28]} 76. Bg4
{[%clk 00:02:04]} {[%emt 00:00:15]} Rh8 {[%clk 00:44:51]} {[%emt 00:00:24]} 77.
Ke3 {[%clk 00:02:05]} {[%emt 00:00:28]} Rf8 {[%clk 00:45:09]} {[%emt 00:00:12]}
78. Bf5 {[%clk 00:02:13]} {[%emt 00:00:23]} Rh8 {[%clk 00:45:24]} {[%emt
00:00:13]} 79. Kd3 {[%clk 00:02:34]} {[%emt 00:00:10]} Rf8 {[%clk 00:45:38]}
{[%emt 00:00:16]} 80. Rh1 {[%clk 00:02:26]} {[%emt 00:00:38]} Rh8 {[%clk
00:45:59]} {[%emt 00:00:10]} 81. Rf1 {[%clk 00:02:33]} {[%emt 00:00:23]} Rh4
{[%emt 00:00:21]} 82. Bg4 {[%clk 00:02:43]} {[%emt 00:00:20]} Rh8 {[%clk
00:46:33]} {[%emt 00:00:05]} 83. Rg1 {[%clk 00:02:09]} {[%emt 00:01:04]} Rf8
{[%clk 00:46:49]} {[%emt 00:00:15]} 84. Be6 {[%clk 00:02:03]} {[%emt 00:00:35]}
Rh8 {[%clk 00:47:09]} {[%emt 00:00:10]} 85. Rb1 {[%clk 00:01:24]} {[%emt
00:01:10]} Rb8 {[%clk 00:47:31]} {[%emt 00:00:08]} 86. Bf5 {[%clk 00:01:24]}
{[%emt 00:00:30]} Rh8 {[%clk 00:47:49]} {[%emt 00:00:12]} 87. Kc2 {[%clk
00:01:03]} {[%emt 00:00:51]} Rh4 {[%clk 00:48:06]} {[%emt 00:00:13]} 88. Bg4
{[%clk 00:01:25]} {[%emt 00:00:09]} Rh8 {[%clk 00:48:31]} {[%emt 00:00:05]} 89.
Rd1 {[%clk 00:01:33]} {[%emt 00:00:22]} Rf8 {[%clk 00:48:48]} {[%emt 00:00:13]}
90. Rd3 {[%clk 00:01:56]} {[%emt 00:00:06]} Rh8 {[%clk 00:49:06]} {[%emt
00:00:12]} 91. Kb3 {[%clk 00:02:15]} {[%emt 00:00:12]} Rf8 {[%clk 00:49:12]}
{[%emt 00:00:24]} 92. Ka3 {[%clk 00:02:16]} {[%emt 00:00:29]} Rh8 {[%clk
00:49:24]} {[%emt 00:00:18]} 93. b4 {[%clk 00:02:00]} {[%emt 00:00:41]} Bxc3
{[%clk 00:48:50]} {[%emt 00:01:10]} 94. b5 {[%clk 00:02:09]} {[%emt 00:00:20]}
1/2-1/2